000 00882nam a2200241 a 4500
001 52641
003 BD-RjUL
005 20211209075834.0
008 160924s1982 bg ||||| b||| 00| 0 ben d
020 _c: Tk. 40.00
035 _a(BD-RjUL)52761
040 _aBD-RjUL
_bben
_cBD-RjUL
041 _aben
082 _223
_a375.001
_bMIS 1982
100 1 _aমিল্লাত, বদরুল
_9157413
245 1 0 _aশিক্ষাক্রম উন্নয়ন /
_cবদরুল মিল্লাত
260 _aঢাকা :
_bবাংলা একাডেমী,
_c ১৯৮২
300 _a[আট], ৩৩৬ পৃ. ;
_c২১ সেমি.
504 _aগ্রন্থপঞ্জি সংযুক্ত
650 _aপাঠ্যক্রম উন্নয়ন
_9157414
650 _aCurriculum development
_9157415
942 _2ddc
_cBK
999 _c52641
_d52641